000 00266nam a22001217a 4500
008 180131b xxu||||| |||| 00| 0 eng d
041 _aeng
080 _a617
100 _a5
101 _akir
245 _aequine medicine surgery
_ccatcott.e.j
942 _2udc
_cBK
999 _c41333
_d41333